Juventud rural, modernidad y democracia en América Latina
Na minha lista:
| Autor Corporativo: | |
|---|---|
| Formato: | Livro |
| Idioma: | espanhol |
| Publicado em: |
Santiago
CEPAL
1996
|
| Assuntos: | |
| Tags: |
Adicionar Tag
Sem tags, seja o primeiro a adicionar uma tag!
|
MARC
| LEADER | 00000nam a2200000 a 4500 | ||
|---|---|---|---|
| 001 | UCP0485 | ||
| 003 | CL-VaPUC | ||
| 008 | 990313e19960000CL |||||||||||||||||spa|d | ||
| 082 | 0 | 4 | |a 305.235 |b CEP |2 21 |
| 110 | 2 | |a CEPAL |e author |9 425796 | |
| 245 | 1 | 0 | |a Juventud rural, modernidad y democracia en América Latina |
| 300 | |a 260 p | ||
| 942 | |c BK | ||
| 945 | |d 19990313 00:00:00 |a aarredon | ||
| 260 | |a Santiago |b CEPAL |c 1996 | ||
| 650 | 7 | |a JUVENTUD RURAL |2 CL-VaPUC |9 425797 | |
| 650 | 0 | |a Aspectos sociales |9 254894 | |
| 650 | 0 | |a Modernidad |9 265371 | |
| 650 | 0 | |a Democracia |9 255256 | |
| 650 | 0 | |a Educación |9 258661 | |
| 650 | 7 | |a EQUIDAD |2 CL-VaPUC |9 256656 | |
| 650 | 0 | |a Relaciones sociales |9 376480 | |
| 650 | 0 | |a Agricultura |9 255598 | |
| 651 | 0 | |a América Latina |9 255027 | |
| 583 | |a last modification |c 19990313 00:00:00 |k Rodrigo Vera | ||
| 999 | |c 279261 |d 279259 | ||
| 952 | |0 0 |1 0 |4 0 |6 305_235000000000000_CEP_1996 |7 0 |8 A |9 318244 |a BIBEDU |b BIBEDU |d 2019-11-20 |i 3487768 |o 305.235 CEP 1996 |p 3487768 |r 2019-11-20 |w 2019-11-20 |y BK |k EDU | ||